| 000 | 00460cam a2200157 a 4500 | ||
|---|---|---|---|
| 020 | _a9780262018463 (hardcover : alk. paper) | ||
| 040 | _cDLC | ||
| 082 | 0 | 0 | _a005 MIT 2013 C151 Or. |
| 245 | 0 | 0 | _a10 PRINT CHR$(205.5+RND(1));:GOTO 10 / |
| 260 |
_aCambridge, Mass. : _bMIT Press, _cc2013. |
||
| 300 |
_axi, 309 p. : _bill. ; _c24 cm. |
||
| 490 | 0 | _aSoftware studies | |
| 650 | 0 | _aBASIC (Computer program language) | |
| 700 | 1 | _aMontfort, Nick. | |
| 942 | _cAEDBB | ||
| 999 |
_c18690 _d18690 |
||